| 000 | 01002 a2200169 4500 | ||
|---|---|---|---|
| 003 | Nust | ||
| 005 | 20221020120017.0 | ||
| 040 | _cNust | ||
| 082 | _a620.1054,RAM | ||
| 100 | _a Ramsey A.S | ||
| 245 |
_aDaynamics Part. I & Part. II / _cA .S.Ramsey |
||
| 260 |
_aCambridge _bUniversity Press _c1961. |
||
| 300 | _a342:p | ||
| 505 | _aIntroduction (Page-1), Vectors (Page-6), Rectilinear Motion Kinematics (Page-11), Rectilinear Motion Kinetics (Page-24), Kinematics in Two Dimensions (Page-52), Dynamical Problem in Two Dimensions (Page-63), Harmonic Motion (Page-83), Motion Under Constraint (Page-105), The Law of Reaction General Principles (Page-114), General Problems (Page-123), Impulsive Motion (Page-138), Polar Coordinates Orbits (Page-155), Moments of Inertia (Page-188), Motion Of Rigid Body Energy and Momentum (Page-197), Equations of Motion of Rigid Body (Page-208), Miscellaneous Problems (Page-231), Small Oscillations (Page-247) | ||
| 650 |
_aDaynamics _9100971 |
||
| 942 |
_2ddc _cBK |
||
| 999 |
_c182853 _d182853 |
||